000 00856nam a22003017a 4500
001 000312
003 DO-SdBNP
005 20240208081407.0
007 000312
008 160623b 2005 sp ||| 00| 0 spa d
020 _a9788420468815
040 _aBPMSU
_bspa
_cBPMSU
082 4 _a862.5
_bZ88d 2005
_222
092 _axxxxx
_bxxxxx
100 1 _aZorrilla, José,
_d1817-1893.
245 1 0 _aDon Juan Tenorio /
_cJosé Zorrilla ; prólogo de Carme Riera
260 _aMadrid :
_bAlfaguara,
_c2005.
300 _a249 p. ;
_c20 cm.
490 0 _aClásicos
_aRoja
590 _aInventariado, 2024/VM
650 4 _aTeatro español.
650 4 _aAmor
_vTeatro
650 4 _aCortejo amoroso
_vTeatro
650 4 _aLiteratura española
700 1 _aRiera, Carme,
_epról.
910 _aLOPEREZ/ VMateo V. Control de calidad. BPMSU
942 _2ddc
_cBK
999 _c10550
_d10550